Základy obchodního práva po rekodifikaci soukromého práva

Guardado en:
Detalles Bibliográficos
Autor principal: Votava, Tomáš
Formato: Libro
Lenguaje:checo
Publicado: Plzeň Vydavatelství a nakladatelství Aleš Čeněk 2024
Edición:6. vydání
Materias:
Etiquetas: Agregar Etiqueta
Sin Etiquetas, Sea el primero en etiquetar este registro!

MARC

LEADER 00000nam a2200000 4500
001 0310866
005 20250730080826.5
020 |a 978-80-7380-960-7 
041 0 |a cze 
044 |a CZ 
245 1 0 |a Základy obchodního práva po rekodifikaci soukromého práva  |c Tomáš Votava a kolektiv 
250 |a 6. vydání 
264 1 |a Plzeň  |b Vydavatelství a nakladatelství Aleš Čeněk  |c 2024 
300 |a 519 s. 
610 2 0 |a právo obchodné 
610 2 0 |a podnikanie 
610 2 0 |a právo súkromné 
610 2 0 |a právo súťažné 
610 2 0 |a vlastníctvo duševné 
100 1 |a Votava, Tomáš